[Event "Superbet Blitz 2019"]
[Site "Bucharest ROU"]
[Date "2019.11.09"]
[Round "1.5"]
[White "So, Wesley"]
[Black "Karjakin, Sergey"]
[Result "1-0"]
[WhiteTitle "GM"]
[BlackTitle "GM"]
[WhiteElo "2760"]
[BlackElo "2754"]
[WhiteFideId "5202213"]
[BlackFideId "14109603"]
[EventDate "2019.11.09"]

1. c4 Nf6 2. g3 e6 3. Bg2 d5 4. d4 Bb4+ 5. Nd2 O-O 6. Nf3 dxc4 7. Qc2 a5 8. a3
Bxd2+ 9. Bxd2 b5 10. a4 c6 11. e4 h6 12. g4 e5 13. g5 hxg5 14. dxe5 g4 15. exf6
gxf3 16. fxg7 Re8 17. Bxf3 Nd7 18. O-O-O Ne5 19. Be2 Qh4 20. f4 Bg4 21. Bxg4
Nd3+ 22. Kb1 Qxg4 23. Rhg1 Qh5 24. Rg5 Qh4 25. axb5 cxb5 26. Rxb5 Rxe4 27. Bc3
Qxf4 28. Rh5 1-0

[Event "Superbet Blitz 2019"]
[Site "Bucharest ROU"]
[Date "2019.11.10"]
[Round "14.2"]
[White "So, Wesley"]
[Black "Korobov, Anton"]
[Result "1-0"]
[WhiteTitle "GM"]
[BlackTitle "GM"]
[WhiteElo "2760"]
[BlackElo "2670"]
[WhiteFideId "5202213"]
[BlackFideId "14105730"]
[EventDate "2019.11.09"]

1. c4 e6 2. g3 d5 3. Bg2 d4 4. b4 Nf6 5. Nf3 Be7 6. Bb2 c5 7. O-O O-O 8. d3 a5
9. b5 Nbd7 10. e3 e5 11. a4 Rb8 12. Nbd2 b6 13. Nh4 Re8 14. Bc6 Bb7 15. Bxb7
Rxb7 16. e4 Bf8 17. Ng2 g6 18. f4 exf4 19. gxf4 Bg7 20. Qf3 Rb8 21. Rae1 Nh5 22.
Kh1 Qc7 23. Bc1 Qb7 24. Nh4 Bh6 25. Nb3 Kh8 26. Bd2 f5 27. Nxf5 gxf5 28. Qxh5
fxe4 29. Qxh6 Rbc8 30. Rg1 e3+ 31. Rg2 Rg8 32. Rg1 Rg6 33. Qh3 Nf6 34. f5 Rg5
35. Be1 Rcg8 36. Bg3 Ng4 37. Qh4 Rxf5 38. h3 Nf2+ 39. Kh2 Qf7 40. Be5+ Rxe5 41.
Rxg8+ 1-0